Największe gospodarki 2024 - 1/2 - Statystyki

Ogólne statystyki
  • Ten quiz został rozwiązany 254 razy
  • Średni wynik to 21 z 25
Statystyki odpowiedzi
PKB Kraj % Poprawnych
21,799,823 Chiny
99%
25,728,734 Stany Zjednoczone
99%
883,871 Polska
98%
4,912,299 Niemcy
97%
3,354,126 Francja
96%
1,920,937 Rosja
94%
1,766,427 Hiszpania
93%
6,848,808 Japonia
93%
3,399,017 Wielka Brytania
93%
4,729,319 Indie
92%
2,323,028 Włochy
90%
2,242,038 Kanada
89%
2,468,216 Brazylia
88%
1,569,978 Meksyk
84%
1,800,983 Australia
79%
2,150,904 Korea Południowa
79%
919,687 Arabia Saudyjska
78%
725,108 Szwecja
78%
1,105,624 Turcja
76%
884,272 Szwajcaria
75%
1,606,730 Indonezja
70%
1,119,684 Holandia
69%
679,117 Tajlandia
53%
756,346 Nigeria
46%
803,853 Tajwan
44%
Nie znaleziono quizów pasujących do podanych kryteriów
Rozkład punktacji
Procent ludzi z każdym wynikiem
Percentyl według liczby udzielonych odpowiedzi
Twoja historia wyników
Nie rozwiązałeś tego quizu